000 00522cam a2200205 4500
001 M1967
008 090401t1995 xxu||||| |||| 00| 0 eng d
035 _a(Sirsi) u35667
041 _aeng
050 _a333.33025
110 _aRoyal Institution of Chartered Surveyors
_94900
245 _aGeographical directory 1996.
260 _aLondon
_bMacMillan
_c1995
300 _a75,108,703,63p. ; 25cm.
350 _a0
650 _aABOUT RICS-RICS MEMBERS
650 _aDIRECTORIES
942 _n0
948 _c04/03/1997
999 _c90138
_d90138